Cơ học lượng tử Tập 2

Lý thuyết biểu diễn. Spin và hệ hạt đồng nhất. Một số phương pháp gần đúng trong cơ học lượng tử. Lý thuyết tán xạ...

Wedi'i Gadw mewn:
Manylion Llyfryddiaeth
Prif Awdur: Phạm Quý Tư (Tác giả)
Awduron Eraill: Đỗ Đình Thanh (Tác giả)
Fformat: Llyfr
Iaith:Vietnamese
Cyhoeddwyd: H. Trường Đại học sư phạm Hà Nội 1 1995
Pynciau:
Tagiau: Ychwanegu Tag
Dim Tagiau, Byddwch y cyntaf i dagio'r cofnod hwn!
Thư viện lưu trữ: Mạng thư viện Đại học Đà Nẵng
LEADER 01317nam a2200361 4500
001 000008546
003 4736
005 20120312070349.0
008 111019s1995 viesd
041 0 |a vie 
082 |a 530.12  |b PH-T 
100 0 |a Phạm Quý Tư  |e Tác giả 
245 1 0 |a Cơ học lượng tử  |c Phạm Quý Tư  |n Tập 2 
260 |a H.  |b Trường Đại học sư phạm Hà Nội 1  |c 1995 
300 |a 182tr  |c 21cm 
504 |a Mục lục tr181 
520 |a Lý thuyết biểu diễn. Spin và hệ hạt đồng nhất. Một số phương pháp gần đúng trong cơ học lượng tử. Lý thuyết tán xạ... 
653 |a Giáo trình 
653 |a Cơ học 
653 |a Lượng tử 
700 |a Đỗ Đình Thanh  |e Tác giả 
773 |t Cơ học lượng tử  |w 4728 
910 |a Thương  |d 19/10/2011 
OWN |a LSP 
AVA |a UDN50  |b LSP  |d 530.12 PH-T  |e available  |t Error 5001 Not defined in file expand_doc_bib_avail.  |f 5  |g 0  |h N  |i 0  |k 1 
999 |a From the UDN01 
AVA |a UDN50  |b LSP  |d 530.12 PH-T  |e available  |t Error 5001 Not defined in file expand_doc_bib_avail.  |f 5  |g 0  |h N  |i 0  |k 1 
TYP |a Monograph 
TYP |a Printed language 
980 |a Mạng thư viện Đại học Đà Nẵng